Der Jugendarrest: Entstehung und Weiterentwicklung einer Sanktion
| Autor principal: | |
|---|---|
| Tipo de documento: | Print Libro |
| Lenguaje: | Alemán |
| Publicado: |
Baden-Baden
Nomos-Verl.-Ges.
1998
|
| En: |
Juristische Zeitgeschichte / 3 (3)
Año: 1998 |
| Edición: | 1. Aufl. |
| Acceso en línea: |
Índice Índice |
| Disponibilidad en Tübingen: | Disponible en Tübingen. IFK: F III 459 |
| Verificar disponibilidad: | HBZ Gateway |
| Servicio de pedido Subito: | Pedir ahora. |
| Palabras clave: |
MARC
| LEADER | 00000cam a2200000 c 4500 | ||
|---|---|---|---|
| 001 | 240092651 | ||
| 003 | DE-627 | ||
| 005 | 20260206202314.0 | ||
| 007 | tu | ||
| 008 | 980213s1998 gw ||||| m 00| ||ger c | ||
| 015 | |a 98,N09,0343 |2 dnb | ||
| 015 | |a 98,A33,0604 |2 dnb | ||
| 016 | 7 | |a 952717360 |2 DE-101 | |
| 020 | |a 3789052159 |c (Pp.) |9 3-7890-5215-9 | ||
| 035 | |a (DE-627)240092651 | ||
| 035 | |a (DE-603)055879977 | ||
| 035 | |a (DE-576)064519562 | ||
| 035 | |a (DE-599)DNB952717360 | ||
| 035 | |a (OCoLC)64628817 | ||
| 035 | |a (OCoLC)64628817 | ||
| 040 | |a DE-627 |b ger |c DE-627 |e rakwb | ||
| 041 | |a ger | ||
| 044 | |c XA-DE | ||
| 084 | |a 19 |2 sdnb | ||
| 084 | |a 19 |a 14 |a 64 |2 sdnb | ||
| 084 | |a PH 9140 |2 rvk |0 (DE-625)rvk/136534: | ||
| 084 | |a PH 5300 |2 rvk |0 (DE-625)rvk/136199: | ||
| 084 | |a PH 5200 |2 rvk |0 (DE-625)rvk/136189: | ||
| 084 | |a PH 4420 |2 rvk |0 (DE-625)rvk/136135: | ||
| 084 | |a 86.37 |2 bkl | ||
| 100 | 1 | |8 1\p |a Meyer-Höger, Maria |d 1955- |0 (DE-588)173190391 |0 (DE-627)698111206 |0 (DE-576)134040791 |4 aut | |
| 109 | |a Meyer-Höger, Maria 1955- |a Höger, Maria Meyer- 1955- | ||
| 245 | 1 | 4 | |a Der Jugendarrest |b Entstehung und Weiterentwicklung einer Sanktion |c Maria Meyer-Höger |
| 250 | |a 1. Aufl. | ||
| 263 | |a Pp. | ||
| 264 | 1 | |a Baden-Baden |b Nomos-Verl.-Ges. |c 1998 | |
| 300 | |a XIV, 176 S. |c 24 cm | ||
| 336 | |a Text |b txt |2 rdacontent | ||
| 337 | |a ohne Hilfsmittel zu benutzen |b n |2 rdamedia | ||
| 338 | |a Band |b nc |2 rdacarrier | ||
| 490 | 1 | |a Juristische Zeitgeschichte |a Abt. 3, Beiträge zur modernen deutschen Strafgesetzgebung - Materialien zu einem historischen Kommentar |v 3 | |
| 500 | |a Literaturverz. S. [154] - 167 | ||
| 502 | |a Zugl.: Münster (Westfalen), Univ., Diss., 1995/96 | ||
| 583 | 1 | |a Archivierung/Langzeitarchivierung gewährleistet |f PEBW |x XA-DE-BW |2 pdager |5 DE-31 | |
| 648 | 7 | |a Geschichte |2 gnd | |
| 650 | 4 | |a Rechtsreform, Gesetzgebungsverfahren, Jugendarrest, Justizministerium, Diskussion, Jugendkriminalität, Tagung, Jugendstrafrecht, Strafrecht, Sanktion, Vorschrift | |
| 655 | 7 | |a Hochschulschrift |0 (DE-588)4113937-9 |0 (DE-627)105825778 |0 (DE-576)209480580 |2 gnd-content | |
| 689 | 0 | 0 | |d s |0 (DE-588)4162820-2 |0 (DE-627)105459410 |0 (DE-576)209876433 |a Jugendarrest |2 gnd |
| 689 | 0 | 1 | |a z |2 gnd |a Geschichte |
| 689 | 0 | |5 DE-101 | |
| 689 | 1 | 0 | |a z |2 gnd |a Geschichte |
| 689 | 1 | |5 (DE-627) | |
| 751 | |a Münster (Westf) |0 (DE-588)4040608-8 |0 (DE-627)818071567 |0 (DE-576)209041323 |4 uvp | ||
| 830 | 0 | |a Juristische Zeitgeschichte / 3 |v 3 |9 300 |w (DE-627)301910685 |w (DE-576)06325025X |w (DE-600)1490407-X |7 am | |
| 856 | 4 | 2 | |u http://www.gbv.de/dms/spk/sbb/toc/240092651.pdf |m V:DE-601 |m B:DE-1 |q pdf/application |x Verlag |y Inhaltsverzeichnis |3 Inhaltsverzeichnis |7 1 |
| 856 | 4 | 2 | |u http://scans.hebis.de/HEBCGI/show.pl?05587997_toc.pdf |m V:DE-603;B:DE-17 |q application/pdf |3 Inhaltsverzeichnis |7 1 |
| 883 | |8 1\p |a cgwrk |d 20241001 |q DE-101 |u https://d-nb.info/provenance/plan#cgwrk | ||
| 935 | |i Blocktest | ||
| 935 | |h HEB |i 0501 | ||
| 935 | |h HEB |i 0503 | ||
| 936 | r | v | |a PH 9140 |b Sanktionen im Jugendstrafrecht (hier auch Kriminalpädagogik bei Jugendlichen) |k Rechtswissenschaft |k Strafrecht, Strafverfahrensrecht, Kriminologie |k Kriminologie |k Pönologie; Kriminalpädagogik; Sanktionenforschung |k Sanktionen im Jugendstrafrecht (hier auch Kriminalpädagogik bei Jugendlichen) |0 (DE-627)127205392X |0 (DE-625)rvk/136534: |0 (DE-576)20205392X |
| 936 | r | v | |a PH 5300 |b Jugendstrafvollzug |k Rechtswissenschaft |k Strafrecht, Strafverfahrensrecht, Kriminologie |k Strafvollzug |k Jugendstrafvollzug |0 (DE-627)1272080994 |0 (DE-625)rvk/136199: |0 (DE-576)202080994 |
| 936 | r | v | |a PH 5200 |b Geschichte, wenn nicht bei PH 2300 ff. |k Rechtswissenschaft |k Strafrecht, Strafverfahrensrecht, Kriminologie |k Strafvollzug |k Geschichte, wenn nicht bei PH 2300 ff. |0 (DE-627)1271675013 |0 (DE-625)rvk/136189: |0 (DE-576)201675013 |
| 936 | r | v | |a PH 4420 |b Einzeldarstellungen |k Rechtswissenschaft |k Strafrecht, Strafverfahrensrecht, Kriminologie |k Nebenstrafrecht |k Jugendstrafrecht |k Einzeldarstellungen |0 (DE-627)1272237168 |0 (DE-625)rvk/136135: |0 (DE-576)202237168 |
| 936 | b | k | |a 86.37 |j Strafvollzug |0 (DE-627)106413546 |
| 936 | s | n | |a p100 |2 mzub |
| 936 | s | n | |a m200 |2 mzub |
| 936 | s | n | |a n100 |2 mzub |
| 951 | |a BO | ||
| ELC | |b 1 | ||
| LOK | |0 000 xxxxxcx a22 zn 4500 | ||
| LOK | |0 001 3235893865 | ||
| LOK | |0 003 DE-627 | ||
| LOK | |0 004 240092651 | ||
| LOK | |0 005 19981119000000 | ||
| LOK | |0 008 981020||||||||||||||||ger||||||| | ||
| LOK | |0 040 |a DE-21-110 |c DE-627 |d DE-21-110 | ||
| LOK | |0 852 |a DE-21-110 | ||
| LOK | |0 852 1 |c F III 459 |m p |9 00 | ||
| LOK | |0 935 |a k110 | ||
| LOK | |0 936ln |a 5.5.1 | ||
| LOK | |0 938 |k p | ||
| LOK | |0 939 |a 20-10-98 |b l01 | ||
| ORI | |a SA-MARC-krimdoka001.raw | ||
| SIG | |a IFK: F III 459 | ||
